00379pab a2200145 454500008004000000100001800040245005000058260000900108300001400117362001200131650001400143650001900157700001700176773004000193180718b2005 xxu||||| |||| 00| 0 eng d aDwivedi, H.S. aDr. Ambedkar: the pioneer of social democracy c2005 ap.661-66. aJan-Mar aSocialism aAmbedkar, B.R. aSinha, Ratan aIndian Journal of Political Science